Includes bibliographies (Record no. 15375)

000 -LEADER
fixed length control field 00588nam a22002171 4500
001 - CONTROL NUMBER
control field 15375
003 - CONTROL NUMBER IDENTIFIER
control field BD-DhUET
008 - FIXED-LENGTH DATA ELEMENTS--GENERAL INFORMATION
fixed length control field 731030m19621966njua b 000 0 eng
040 ## - CATALOGING SOURCE
Original cataloging agency DLC
Transcribing agency DLC
Modifying agency BD-DhUET
082 00 - DEWEY DECIMAL CLASSIFICATION NUMBER
Classification number 543
Item number FUR/1966
100 ## - MAIN ENTRY--PERSONAL NAME
Personal name Furman, N. Howell
245 00 - TITLE STATEMENT
Title Includes bibliographies
250 ## - EDITION STATEMENT
Edition statement 6th ed.
260 ## - PUBLICATION, DISTRIBUTION, ETC. (IMPRINT)
Place of publication, distribution, etc. New York
Name of publisher, distributor, etc. Van Nostrand Reinhold
Date of publication, distribution, etc. 1966
300 ## - PHYSICAL DESCRIPTION
Extent xi, (975-2018)p.
Other physical details ill.
500 ## - GENERAL NOTE
General note Vol.3 (Instrumental methods)
Part. B
504 ## - BIBLIOGRAPHY, ETC. NOTE
Bibliography, etc Includes bibliographies
650 #0 - SUBJECT ADDED ENTRY--TOPICAL TERM
Topical term or geographic name as entry element Chemistry, Analytic
700 ## - ADDED ENTRY--PERSONAL NAME
Personal name Welcher, Frank J.
942 ## - ADDED ENTRY ELEMENTS (KOHA)
Koha item type Edited Book
Holdings
Koha normalized classification for sorting Koha item type Shelving location Koha full call number Withdrawn status Location (home branch) Damaged status Price effective from Date acquired Koha date last seen Piece designation (barcode) Copy number Source of classification or shelving scheme Not for loan Sublocation or collection (holding branch) Lost status
543_000000000000000_FUR_1966Edited BookCirculation section543/FUR/1966 Central Library, BUET 2015-03-122015-03-122015-03-12288181  Central Library, BUET 
543_000000000000000_FUR_1966Edited BookCirculation section543/FUR/1966 Central Library, BUET 2015-03-122015-03-122015-03-12288282  Central Library, BUET 
543_000000000000000_FUR_1966Edited BookCirculation section543/FUR/1966 Central Library, BUET 2015-03-122015-03-122015-03-12288364  Central Library, BUET 
543_000000000000000_FUR_1966Edited BookCirculation section543/FUR/1966 Central Library, BUET 2015-03-122015-03-122015-03-12288315  Central Library, BUET 
543_000000000000000_FUR_1966Edited BookCirculation section543/FUR/1966 Central Library, BUET 2015-03-122015-03-122015-03-12388946  Central Library, BUET 
543_000000000000000_FUR_1966Edited BookCirculation section543/FUR/1966 Central Library, BUET 2015-03-122015-03-122018-02-20288277  Central Library, BUET 
543_000000000000000_FUR_1966Edited BookCirculation section543/FUR/1966 Central Library, BUET 2015-03-122015-03-122015-03-12288378  Central Library, BUET 
543_000000000000000_FUR_1966Edited BookCirculation section543/FUR/1966 Central Library, BUET 2015-03-122015-03-122015-03-12288269  Central Library, BUET 
543_000000000000000_FUR_1966Edited BookCirculation section543/FUR/1966 Central Library, BUET 2015-03-122015-03-122015-03-122883210  Central Library, BUET